Fundamentos de investigación: un enfoque por competencias.

Saved in:
Bibliografiske detaljer
Hovedforfatter: Lara Muñoz, Erica María (autora)
Format: Bog
Udgivet: México, D.F., México: Alfaomega, 2011.
Udgivelse:Primera edición
Fag:
Tags: Tilføj Tag
Ingen Tags, Vær først til at tagge denne postø!

MARC

LEADER 00000cam a2200000 a 4500
001 UCE5335
003 CL-VaPUC
005 20230327090421.0
008 230124t2011 ||||| |||| 00| 0 eng d
999 |c 439940  |d 439938 
020 |a 978-607-707-261-4 
040 |c Pontificia Universidad Católica de Valparaíso 
082 0 4 |a 001.42 LAR 2011  |2 21 
100 0 |a Lara Muñoz, Erica María  |e autora  |9 577915 
245 1 0 |a Fundamentos de investigación: un enfoque por competencias. 
250 |a Primera edición 
260 |a México, D.F., México:  |b Alfaomega,  |c 2011. 
300 |a 271 páginas. 
500 |a c.1 Donación Rectoria Diciembre 2022. 
583 |a last modification  |c 20141230 16:04:00  |k Catalogador Asistente 
650 0 |a Métodos de investigación   |9 262618 
650 0 |a Competencias  |9 341916 
942 |c BK  |2 ddc 
952 |0 0  |1 0  |2 ddc  |4 0  |6 001_420000000000000_LAR_2011  |7 0  |8 A  |9 588686  |a BIBAGR  |b BIBAGR  |c GEN  |d 2023-01-24  |e Donación  |i 5656460  |o 001.42 LAR 2011  |p 5656460  |r 2025-01-20  |t 1  |w 2023-01-24  |y BK  |k AGR